Catálogo
 En Linea

Poesía Hebrea moderna : (Registro nro. 39161)

Detalles MARC
000 -CABECERA
campo de control de longitud fija 00467nam a2200145 a 4500
001 - NÚMERO DE CONTROL
campo de control 000039671
005 - FECHA Y HORA DE LA ÚLTIMA TRANSACCIÓN
campo de control 20201002033654.0
008 - DATOS DE LONGITUD FIJA--INFORMACIÓN GENERAL
campo de control de longitud fija 130715s2001 gr 000 0 spa d
040 ## - FUENTE DE LA CATALOGACIÓN
Centro catalogador/agencia de origen DO-SdBNP
Lengua de catalogación spa
Centro/agencia transcriptor BNPHU
245 #0 - MENCIÓN DE TÍTULO
Título Poesía Hebrea moderna :
Resto del título antología /
Mención de responsabilidad, etc. Traducción y compilación Arié Comey.
250 ## - MENCIÓN DE EDICIÓN
Mención de edición 2a ed. corr. y amp.
260 ## - PUBLICACIÓN, DISTRIBUCIÓN, ETC.
Lugar de publicación, distribución, etc. Jerusalen, Israel :
Nombre del editor, distribuidor, etc. L. B. Publishing,
Fecha de publicación, distribución, etc. 2001.
300 ## - DESCRIPCIÓN FÍSICA
Extensión 307 p. ;
Dimensiones 23 cm.
700 1# - PUNTO DE ACCESO ADICIONAL--NOMBRE DE PERSONA
Nombre de persona Comey, Arié,
Término indicativo de función/relación comp.
9 (RLIN) 65863
Existencias
Estado de retiro Estado de pérdida Restricciones de uso No para préstamo Código de colección Localización permanente Ubicación/localización actual Ubicación en estantería Fecha de adquisición Número de inventario Total de préstamos Signatura topográfica completa Código de barras Fecha visto por última vez Precio válido a partir de Tipo de ítem Koha
        Monografías: Libros y Folletos General General En catalogación 15.07.2013 LF1   39671-10 25.06.2020 25.06.2020 Préstamo en sala

Con tecnología Koha